| 000 | 00778nam a22002417a 4500 | ||
|---|---|---|---|
| 999 |
_c3142 _d3142 |
||
| 003 | AR-CdUCM | ||
| 008 | 190306b ||||| |||| 00| 0 spa d | ||
| 040 |
_aMUNICIPALIDAD PROVINCIAL DEL CUSCO _cBIBLIOTECA MUNICIPAL DEL CUSCO |
||
| 082 |
_22ed. _a869.56 / _bH43S |
||
| 100 |
_aHernández, Arturo Demetrio _910590 |
||
| 245 | _aSangama / | ||
| 260 |
_aLima : _bPEISA, _c1974. |
||
| 300 |
_a304 páginas / _c16.5 cm. |
||
| 440 |
_aBiblioteca Peruana _n : 63 _910591 |
||
| 650 |
_aNarrativa peruana _9226 |
||
| 650 |
_aNovelas costumbristas - Amazonas _910592 |
||
| 650 |
_aSiglo XX _98 |
||
| 650 |
_aSangama - Arturo Hernandez _910593 |
||
| 700 |
_aGarcía Calderón, Ventura (Prólogo) _910594 |
||
| 700 |
_aNúñez, Estuardo _92660 |
||
| 942 |
_2ddc _cLIBROS |
||
| 945 | _alccs | ||